|
|
|
|
| LEADER |
01996nam a22004815i 4500 |
| 001 |
978-3-540-70851-3 |
| 003 |
DE-He213 |
| 005 |
20151201021149.0 |
| 007 |
cr nn 008mamaa |
| 008 |
100301s2007 gw | s |||| 0|eng d |
| 020 |
|
|
|a 9783540708513
|9 978-3-540-70851-3
|
| 024 |
7 |
|
|a 10.1007/978-3-540-70851-3
|2 doi
|
| 040 |
|
|
|d GrThAP
|
| 050 |
|
4 |
|a QR180-189.5
|
| 072 |
|
7 |
|a MJCM
|2 bicssc
|
| 072 |
|
7 |
|a MED044000
|2 bisacsh
|
| 082 |
0 |
4 |
|a 616.079
|2 23
|
| 245 |
1 |
0 |
|a Immunotherapy in 2020
|h [electronic resource] :
|b Visions and Trends for Targeting Inflammatory Disease /
|c edited by A. Radbruch, H.-D. Volk, K. Asadullah, W.-D. Doecke.
|
| 264 |
|
1 |
|a Berlin, Heidelberg :
|b Springer Berlin Heidelberg,
|c 2007.
|
| 300 |
|
|
|a XIII, 106 p.
|b online resource.
|
| 336 |
|
|
|a text
|b txt
|2 rdacontent
|
| 337 |
|
|
|a computer
|b c
|2 rdamedia
|
| 338 |
|
|
|a online resource
|b cr
|2 rdacarrier
|
| 347 |
|
|
|a text file
|b PDF
|2 rda
|
| 490 |
1 |
|
|a Ernst Schering Foundation Symposium Proceedings,
|x 0947-6075 ;
|v 2006/4
|
| 505 |
0 |
|
|a Nature's Choice of Genes Controlling Chronic Inflammation -- Targeting of Memory -- Post-transcriptional Regulators in Inflammation: Exploring New Avenues in Biological Therapeutics -- Immunomodulatory Therapies: Challenges of Individualized Therapy Strategies -- T Cell Therapies -- The Future of Antibody Therapy.
|
| 650 |
|
0 |
|a Medicine.
|
| 650 |
|
0 |
|a Immunology.
|
| 650 |
|
0 |
|a Rheumatology.
|
| 650 |
1 |
4 |
|a Biomedicine.
|
| 650 |
2 |
4 |
|a Immunology.
|
| 650 |
2 |
4 |
|a Rheumatology.
|
| 700 |
1 |
|
|a Radbruch, A.
|e editor.
|
| 700 |
1 |
|
|a Volk, H.-D.
|e editor.
|
| 700 |
1 |
|
|a Asadullah, K.
|e editor.
|
| 700 |
1 |
|
|a Doecke, W.-D.
|e editor.
|
| 710 |
2 |
|
|a SpringerLink (Online service)
|
| 773 |
0 |
|
|t Springer eBooks
|
| 776 |
0 |
8 |
|i Printed edition:
|z 9783540708506
|
| 830 |
|
0 |
|a Ernst Schering Foundation Symposium Proceedings,
|x 0947-6075 ;
|v 2006/4
|
| 856 |
4 |
0 |
|u http://dx.doi.org/10.1007/978-3-540-70851-3
|z Full Text via HEAL-Link
|
| 912 |
|
|
|a ZDB-2-SME
|
| 950 |
|
|
|a Medicine (Springer-11650)
|